Statistics for Kansas City vs. San Francisco

Click here to take the quiz!

General Stats

  • This quiz has been taken 8,579 times
  • The average score is 13 of 15

Answer Stats

QuestionAnswer% Correct
Is known as the "City by the Bay"San Francisco
98%
80% of the city was destroyed by an earthquake in 1906San Francisco
95%
Is well-known for its barbecue sauceKansas City
94%
Has more homeless peopleSan Francisco
94%
Has a higher city proper and metro area populationSan Francisco
93%
About 1/3rd of the population is of Asian descentSan Francisco
92%
Its metro area spans two different statesKansas City
91%
Was once part of MexicoSan Francisco
90%
Harry Truman owned a clothing store thereKansas City
89%
Lewis and Clark traveled through the area where the city now sitsKansas City
88%
Has a higher median household incomeSan Francisco
82%
Jazz musicians Charlie Parker and Count Basie called the city homeKansas City
78%
Overland Park is one of its suburbsKansas City
77%
Ernest Hemingway wrote for its main newspaper, the StarKansas City
71%
Has a lower average temperature in JulySan Francisco
61%

Score Distribution

Percentile by Number Answered

Percent of People with Each Score

Your Score History

You have not taken this quiz